• 首页
  • 本馆介绍
  • 公告通知
  • 最新文献
  • 馆藏检索
  • 电子资源
  • 读者导购
  • 参考咨询
  • 我的图书馆
  • 登录
  • 详细信息显示
  • 放入我的书架
  • 预约/预借图书
  • 作者相关作品
  • 分类相关作品
  • 丛书相关作品
  • 出版社相关作品

书目信息

  • 表格格式
  • 工作单格式
  • 卡片格式
书名: Skimming & scanning
作者: Edward B. Fry.
分册号:
分册名:
出版地: Providence, R.I. :
 
出版社: Jamestown Publishers
出版时间: 1982.
页数: 160 p. :
开本: 27 cm.
丛书名:
中图分类号:
科图分类号:
其他分类号: H31
主题词:
电子资源:
000 00593nam 2200193Ia 4504
001 E0761005527
005 20070228144218.81
008 030409s1982 riua 000 0 eng d
020    @a0890612463.
040    @aEXH@cEXH@dMIA
090    @aJ688.4/W687
090    @aH31
099    @dH31@ex123
100 1  @aFry, Edward Bernard,@d1925-
245 10 @aSkimming & scanning :@bmiddle level / @cEdward B. Fry.
260    @aProvidence, R.I. :@bJamestown Publishers,@c1982.
300    @a160 p. :@bill. ;@c27 cm.
650  0 @aReading (Elementary)
650  0 @aSpeed reading@xProblems, exercises, etc.
    
    Skimming & scanning : : middle level / / Edward B. Fry.-Providence, R.I. : : Jamestown Publishers, , 1982.
    160 p. : : ill. ; ; 27 cm.
    
    
    ISBN 0890612463.
    
●
相关链接 在E读中查询图书 在五车中查询图书 在当当中查询图书 在豆瓣中查询图书


正题名:Skimming & scanning     索取号:H31/x123         预约/预借

序号 登录号 条形码 馆藏地/架位号 状态 备注
1 134187   001038763   密集书库/ [索取号:H31/x123] 在馆    
2 134188   001038692   密集书库/ [索取号:H31/x123] 在馆    
3 134189   001038781   密集书库/ [索取号:H31/x123] 在馆    
4 134190   001038772   密集书库/ [索取号:H31/x123] 在馆    
5 134191   001039138   密集书库/ [索取号:H31/x123] 在馆    
6 134192   001038754   密集书库/ [索取号:H31/x123] 在馆    
7 134193   001038807   密集书库/ [索取号:H31/x123] 在馆    
8 134194   001039600   密集书库/ [索取号:H31/x123] 在馆    
9 134195   001038745   密集书库/ [索取号:H31/x123] 在馆    
10 134196   001039655   密集书库/ [索取号:H31/x123] 在馆    
11 134197   001038816   密集书库/ [索取号:H31/x123] 在馆    
12 134198   001038629   密集书库/ [索取号:H31/x123] 在馆    
13 134199   001038834   第四借阅区/ [索取号:H31/x123] 在馆    
14 134200   001038987   密集书库/ [索取号:H31/x123] 在馆    
15 134201   001039012   密集书库/ [索取号:H31/x123] 在馆    
16 134202   001039058   密集书库/ [索取号:H31/x123] 在馆    
17 134203   001039049   密集书库/ [索取号:H31/x123] 在馆    
18 134204   001038889   密集书库/ [索取号:H31/x123] 在馆    
19 134205   001038978   密集书库/ [索取号:H31/x123] 在馆    
20 134206   001039110   密集书库/ [索取号:H31/x123] 在馆    
21 134207   001039030   密集书库/ [索取号:H31/x123] 在馆    
22 134208   001039646   密集书库/ [索取号:H31/x123] 在馆    
23 134209   001038923   密集书库/ [索取号:H31/x123] 在馆    
24 134210   001039021   密集书库/ [索取号:H31/x123] 在馆    
25 134211   001038996   第四借阅区/ [索取号:H31/x123] 在馆    
26 134212   001039003   密集书库/ [索取号:H31/x123] 在馆    
27 134213   001039682   密集书库/ [索取号:H31/x123] 在馆    
28 134214   001039174   密集书库/ [索取号:H31/x123] 在馆    
29 134215   001038861   密集书库/ [索取号:H31/x123] 在馆    
30 134216   001038709   密集书库/ [索取号:H31/x123] 在馆    
31 134217   001038898   密集书库/ [索取号:H31/x123] 在馆    
32 134218   001038932   密集书库/ [索取号:H31/x123] 在馆    
33 134219   001038790   密集书库/ [索取号:H31/x123] 在馆    
34 134220   001039165   密集书库/ [索取号:H31/x123] 在馆    
35 134221   001038950   密集书库/ [索取号:H31/x123] 在馆    
36 134222   001039192   密集书库/ [索取号:H31/x123] 在馆    
37 134223   001039067   密集书库/ [索取号:H31/x123] 在馆    
38 134224   001038656   密集书库/ [索取号:H31/x123] 在馆    
39 134225   001038736   密集书库/ [索取号:H31/x123] 在馆    
40 134226   001038870   密集书库/ [索取号:H31/x123] 在馆    
41 134227   001039085   密集书库/ [索取号:H31/x123] 在馆    
42 134228   001039129   密集书库/ [索取号:H31/x123] 在馆    
43 134229   001038610   密集书库/ [索取号:H31/x123] 在馆    
44 134230   001038665   密集书库/ [索取号:H31/x123] 在馆    
45 134231   001039209   密集书库/ [索取号:H31/x123] 在馆    
46 134232   001038969   密集书库/ [索取号:H31/x123] 在馆    
47 134233   001038914   密集书库/ [索取号:H31/x123] 在馆    
48 134234   001039664   密集书库/ [索取号:H31/x123] 在馆    
49 134235   001039673   密集书库/ [索取号:H31/x123] 在馆    
50 134236   001039147   密集书库/ [索取号:H31/x123] 在馆    
51 134237   001039183   第四借阅区/ [索取号:H31/x123] 在馆    
52 134238   001039094   密集书库/ [索取号:H31/x123] 在馆    
53 134239   001039101   密集书库/ [索取号:H31/x123] 在馆    
54 134240   001038941   密集书库/ [索取号:H31/x123] 在馆    
55 134241   001038905   第四借阅区/ [索取号:H31/x123] 在馆    
56 134242   001038852   第四借阅区/ [索取号:H31/x123] 在馆    
57 134243   001039156   密集书库/ [索取号:H31/x123] 在馆    
58 134244   001039076   密集书库/ [索取号:H31/x123] 在馆    
59 134245   001038843   密集书库/ [索取号:H31/x123] 在馆    
60 134246   001038825   第二样本阅览室/ [索取号:H31/x123] 在馆    
唐山师范学院图书馆 欢迎您!
大连网信软件有限公司© 版权所有